Aviation Education and Training : Audit Learing Principles and Teaching Strategies. (Record no. 313479)
[ view plain ]
| 000 -LEADER | |
|---|---|
| fixed length control field | 00497 a2200169 4500 |
| 001 - CONTROL NUMBER | |
| control field | 78406 |
| 003 - CONTROL NUMBER IDENTIFIER | |
| control field | NUST |
| 005 - DATE AND TIME OF LATEST TRANSACTION | |
| control field | 20180119124630.0 |
| 008 - FIXED-LENGTH DATA ELEMENTS--GENERAL INFORMATION | |
| fixed length control field | 180119b xxu||||| |||| 00| 0 eng d |
| 020 ## - INTERNATIONAL STANDARD BOOK NUMBER | |
| International Standard Book Number | 9780754617334 |
| 082 ## - DEWEY DECIMAL CLASSIFICATION NUMBER | |
| Classification number | 629.130071 HEN |
| 100 ## - MAIN ENTRY--PERSONAL NAME | |
| Personal name | Irene M A Henley |
| 9 (RLIN) | 9096 |
| 245 ## - TITLE STATEMENT | |
| Title | Aviation Education and Training : Audit Learing Principles and Teaching Strategies. |
| Statement of responsibility, etc. | Irene M A Henley |
| Medium | English |
| 250 ## - EDITION STATEMENT | |
| Edition statement | 1 |
| 260 ## - PUBLICATION, DISTRIBUTION, ETC. | |
| Name of publisher, distributor, etc. | Ashgate Publishing Ltd |
| Place of publication, distribution, etc. | England |
| Date of publication, distribution, etc. | 2003 |
| 300 ## - PHYSICAL DESCRIPTION | |
| Extent | xvii 433 |
| 500 ## - GENERAL NOTE | |
| General note | General Books |
| 505 ## - FORMATTED CONTENTS NOTE | |
| Formatted contents note | Gifted Books |
| 942 ## - ADDED ENTRY ELEMENTS (KOHA) | |
| Institution code [OBSOLETE] | NUST-CAE |
| Call number prefix | 629.130071 HEN |
| Koha item type | Book |
| Source of classification or shelving scheme | |
| Withdrawn status | Lost status | Damaged status | Not for loan | Collection code | Permanent Location | Current Location | Date acquired | Total Checkouts | Full call number | Barcode | Date last seen | Price effective from | Koha item type |
|---|---|---|---|---|---|---|---|---|---|---|---|---|---|
| College of Aeronautical Engineering (CAE) | College of Aeronautical Engineering (CAE) | 04/03/2017 | 629.130071 HEN | CAEG-5725 | 04/05/2017 | 04/05/2017 | Book | ||||||
| College of Aeronautical Engineering (CAE) | College of Aeronautical Engineering (CAE) | 04/03/2017 | 629.130071 HEN | CAEG-7357 | 04/05/2017 | 04/05/2017 | Book |
